Geometria Analítica (Registro nro. 4701)
[ vista simple ]
| 000 -LEADER | |
|---|---|
| fixed length control field | 01065 a2200205 4500 |
| 001 - CONTROL NUMBER | |
| control field | 48764 |
| 005 - DATE AND TIME OF LATEST TRANSACTION | |
| control field | 20260407155753.0 |
| 008 - FIXED-LENGTH DATA ELEMENTS--GENERAL INFORMATION | |
| fixed length control field | 260407a1990 arg spa d |
| 003 - CONTROL NUMBER IDENTIFIER | |
| control field | AR-UNSa-BCEJYS |
| 040 ## - CATALOGING SOURCE | |
| Original cataloging agency | AR-UNSa-BCEJYS |
| Language of cataloging | spa |
| Transcribing agency | AR-UNSa-BCEJYS |
| 080 ## - UNIVERSAL DECIMAL CLASSIFICATION NUMBER | |
| Universal Decimal Classification number | 514.12 |
| Common auxiliary subdivision | Geometrías euclidianas y seudoeuclidianas. Geometría analítica |
| 020 ## - INTERNATIONAL STANDARD BOOK NUMBER | |
| International Standard Book Number | 968-18-1176-3 |
| 100 1# - MAIN ENTRY--PERSONAL NAME | |
| Personal name | Lehmann, Charles H. |
| 245 10 - TITLE STATEMENT | |
| Title | Geometria Analítica |
| 264 #1 - PRODUCTION, PUBLICATION, DISTRIBUTION, MANUFACTURE, AND COPYRIGHT NOTICE | |
| Place of production, publication, distribution, manufacture | México : |
| Name of producer, publisher, distributor, manufacturer | Limusa |
| Date of production, publication, distribution, manufacture, or copyright notice | 1990 |
| 300 ## - PHYSICAL DESCRIPTION | |
| Extent | 494 p. |
| Dimensions | 21 cm. |
| 505 ## - FORMATTED CONTENTS NOTE | |
| Formatted contents note | 1. Sistemas de coordenadas - 2. Grafica de una evaluación y lugares geométricos - 3. La línea recta - 4. Evaluación de la circunferencia - 5. Transformación de coordenadas - 6. La parábola - 7. La elipse - 8. La hipérbola - 9. Ecuación general de segundo grado - 10. Coordenadas polares - 11. Ecuaciones paramétricas - 12. Curvas planas de grado superior - 13. El punto en el espacio - 14. El plano - 15. La receta en el espacio - 16. Superficies - 17. Curvas en el espacio. |
| 590 ## - LOCAL NOTE (RLIN) | |
| Local note | niveau_biblio:m niveau_hierar:0 |
| 942 ## - ADDED ENTRY ELEMENTS (KOHA) | |
| Koha item type | |
| Withdrawn status | Lost status | Damaged status | Not for loan | Home library | Current library | Shelving location | Date acquired | Total checkouts | Full call number | Barcode | Date last seen | Price effective from | Koha item type |
|---|---|---|---|---|---|---|---|---|---|---|---|---|---|
| Biblioteca Prof. Eusebio Cleto del Rey | Biblioteca Prof. Eusebio Cleto del Rey | 07/04/2026 | 514.12 L523 | L85031 | 07/04/2026 | 07/04/2026 | Libro | ||||||
| Biblioteca Prof. Eusebio Cleto del Rey | Biblioteca Prof. Eusebio Cleto del Rey | 07/04/2026 | 514.12 L523 | L20792 | 07/04/2026 | 07/04/2026 | Libro | ||||||
| Biblioteca Prof. Eusebio Cleto del Rey | Biblioteca Prof. Eusebio Cleto del Rey | 07/04/2026 | 514.12 L523 | L21058 | 07/04/2026 | 07/04/2026 | Libro | ||||||
| Biblioteca Prof. Eusebio Cleto del Rey | Biblioteca Prof. Eusebio Cleto del Rey | 07/04/2026 | 514.12 L523 | L20603 | 07/04/2026 | 07/04/2026 | Libro |